| 000 | 00582nam a22001817a 4500 | ||
|---|---|---|---|
| 005 | 20150901104602.0 | ||
| 010 | _aENG-111311 | ||
| 020 |
_a9789383098576 _c295.00 |
||
| 035 | _aEN-94843 | ||
| 037 | _bDBAD/PUB | ||
| 082 | _a915.4045 | ||
| 100 | _aKampchen, Martin | ||
| 245 |
_aThe hidden side of the moon : _cby Martin Kampchen _bmusings of a life between India and Europe / |
||
| 260 |
_aNew Delhi _bNiyogi Books _c2014 |
||
| 270 |
_aD-78, Okhla Industrial Area, Phase-I _bNew Delhi _e110020 |
||
| 300 |
_a214p. _c22cm(pbk) |
||
| 942 |
_2ddc _cEN _mKAM _h915.4045 |
||
| 999 |
_c90200 _d90200 |
||